000 00230nam a22000857a 4500
008 170614b xxu||||| |||| 00| 0 eng d
100 _93417
_aAggarwal. M. C
245 _aA. P. C. Lab mathematics - IX
260 _aNew Delhi
_bA. P. C
_c2009
999 _c6782
_d6782